00691nam a2200241 a 4500001001300000003000900013005001700022008004100039020001000080082001600090100003000106245003100136260003800167300000900205500003500214505001000249650002400259700003000283902000800313942000700321952010800328999001300436nice12345678IN_TiNIC20260116011307.0050524s1963 newa grp 000 0 eng  ac10000a261.72bCAR aCarrillo, De Albornoz A F aBasis of Religious Liberty aNew YorkbAssociation Pressc1963 a182p aincludes index and biblioraphy2 aIndex aFreedom of Religion1 aCarrillo, De Albornoz A F bSRS cBK 00104070aHMIbHMId2007-07-10g100.00l2o261.72 CARp02269r2022-01-28s2022-01-17w2026-01-16yEB c249d249